Una vida d'artista (els mestres silenciosos) : Quinzena d'Art de Montesquiu, 1995 Quinzena d'Art de Montesquiu, 1995
Descripción Física:
93 p. ; 18 cm
Colección:
QUAM ; 8
Materias:
Art -- Congressos
MARC
| LEADER | 00000nam a2200000Ia 4500 | ||
|---|---|---|---|
| 001 | 12102 | ||
| 008 | 160829s1998 xx 000 0 cat d | ||
| 080 | |a B-1-234 | ||
| 245 | |a Una vida d'artista (els mestres silenciosos) : |b Quinzena d'Art de Montesquiu, 1995 | ||
| 260 | |a Barcelona : |b Diputació de Barcelona, Àrea de Cultura, Oficina de Difusió Artística, |c 1998 | ||
| 300 | |a 93 p. ; |c 18 cm | ||
| 490 | |a QUAM ; 8 | ||
| 650 | |a Art |x Congressos |9 21991 | ||
| 710 | 1 | |a Barcelona (Catalunya : Província). |b Oficina de Difusió Artística |9 52669 | |
| 901 | |a Arxiu | ||
| 942 | |n 1 | ||
| 952 | |0 0 |1 0 |4 0 |6 B1234 |7 1 |9 41986 |a Arxiu |b Arxiu |d 2016-12-01 |l 0 |o B-1-234 |p 12102 |r 2016-12-01 00:00:00 |w 2016-12-01 |y ARXIU | ||
| 999 | |c 44433 |d 44433 | ||